000 01300nam a22003737a 4500
003 CHAP
005 20220817042037.0
008 971013s1963 r 00010 d
010 _a32866
011 _a33838
035 _a37954
040 _cCHAP
082 _a330.972
_bL6 1963
100 0 0 _aLópez Rosado, Diego G.
_968312
245 _aEnsayos de historia económica de México
250 _a2 ed.
260 _aMéxico :
_bUNAM,
_c1963
300 _a321 p.
490 _aCultura mexicana
_v; 17
590 _aBATCH-UPD
_b10
_c20130110
_lUCH01
_h0018
590 _aBATCH-UPD
_b10
_c20130110
_lUCH01
_h1753
590 _aBATCH-UPD
_b10
_c20130409
_lUCH01
_h1957
590 _aBATCH-UPD
_b10
_c20130410
_lUCH01
_h1131
590 _aBATCH-UPD
_b10
_c20130914
_lUCH01
_h1618
590 _aCONVERSION
_b10
_c20130109
_lUCH01
_h1318
650 1 4 _aHistoria económica
_xMéxico.
_955630
710 0 _aUniversidad Nacional Autónoma de México.
830 0 _aCultura mexicana
_v; 17
_930407
901 _aBK
942 _cLIBRO
949 _a330.972 L6 1963
_bBC
_cLIBRO
_d33724000325171
_eLIBRO
_h50595
_i37954
_si
_t30.00
949 _a330.972 L6 1963
_bBC
_cLIBRO
_d33724000325197
_eLIBRO
_fc.3
_h50596
_i37954
_si
_t30.00
949 _a330.972 L6 1963
_bBC
_cLIBRO
_d33724002311207
_eLIBRO
_fc.2
_h50596
_i37954
_si
_t30.00
999 _c32866
_d32866